Les plus grandes villes du bassin de l'Escaut sur une carte - Statistiques

Statistiques générales
  • Ce quiz a été pris 3 335 fois
  • Le résultat moyen est 8 sur 20
Réponses sur la Carte
Les réponses sont colorées sur une échelle allant du rouge au vert en fonction du pourcentage des utilisateurs qui les ont devinées à leur premier essai. Vous pouvez retrouver ces pourcentages ci-dessous.
 
Statistiques - réponses
Population Pays Agglomération % Correct
1 179 050 France Lille
98%
1 940 270 Belgique Bruxelles
97%
968 292 Belgique Anvers
80%
505 589 France Douai-Lens
78%
333 453 France Valenciennes
66%
88 723 France Arras
59%
425 182 Belgique Gand
55%
208 172 Belgique Mons
38%
356 354 France Béthune
33%
214 665 Belgique Courtrai
30%
165 710 Belgique Louvain
30%
79 462 Belgique Genk
22%
79 713 France Armentières
20%
124 385 Belgique Malines
19%
169 264 Belgique Hasselt
16%
142 165 Belgique La Louvière
16%
109 483 Belgique Saint-Nicolas
13%
127 456 Belgique Alost
11%
106 457 Belgique Roulers
10%
92 796 Belgique Ninove
8%
Aucun quiz correspondant
Distribution des résultats
% des personnes avec chaque résultat
Percentile par nombre de réponses
Votre historique - résultats
Vous n’avez pas pris ce quiz